000 00657nas a2200205 4500
001 45241
090 _a45241
100 _a20150205b20142014m y0pory50030103ba
101 0 _apor
102 _aPT
200 1 _aDN 150 anos
_fpropr. Global Notícias Publicacões
_gdir. André Machado
210 9 _aLisboa
_cGlobal Notícias Publicacões,
_d2014
215 _d29 cm
532 1 0 _aDiário de Notícias 150 anos
675 _a94(100)"1894/1924"(051)
_vBN
_zpor
702 1 _aMachado,
_bAndré
_4300
712 0 2 _aGlobal Notícias
801 0 _aPT
_bBN
_gRPC
856 4 1 _uhttp://rnod.bnportugal.gov.pt/ImagesBN/winlibimg.aspx?skey=&doc=1893950&img=55809&save=true
990 _cPERIODICOS